000 00276nam a2200097Ia 4500
001 652800
005 20250826154445.0
008 250824s9999 xx 000 0 und d
245 0 _aROBİNSON CRUOSE ANTİK OKUL KLASİKLERİ
_cDANIEL DEFOE
260 _bANTİK DÜNYA KLASİKLERİ
999 _c652800
_d652800